| 000 | 00531nam a2200169Ia 4500 | ||
|---|---|---|---|
| 008 | 110201s9999 xx 000 0 und d | ||
| 082 |
_bB4092 _aK 1730 |
||
| 100 | _aश्रोत्री निशिकांत | ||
| 245 | _aहकनाक | ||
| 260 | _bउदयदिप प्रकाशन | ||
| 365 | _b40 | ||
| 600 | _aश्रोत्री निशिकांत | ||
| 630 | _aहकनाक | ||
| 700 | _aश्रोत्री निशिकांत | ||
| 730 | _aहकनाक | ||
| 942 | _cBOOK | ||
| 999 |
_c830592 _d830589 |
||